Gender, power and management : a cross-cultural analysis of higher education (Record no. 44363)

MARC details
000 -LEADER
fixed length control field 00864nam a2200229 a 4500
008 - FIXED-LENGTH DATA ELEMENTS--GENERAL INFORMATION
fixed length control field 211203s2011 ||||||||||||||||| || u
020 ## - INTERNATIONAL STANDARD BOOK NUMBER
International Standard Book Number 9781349312634
050 ## - LIBRARY OF CONGRESS CALL NUMBER
Classification number HD 6054.3 Gen
100 ## - MAIN ENTRY--PERSONAL NAME
Personal name White, Kate
245 11 - TITLE STATEMENT
Title Gender, power and management : a cross-cultural analysis of higher education
Statement of responsibility, etc. Edited by Barbara Bagilhole and Kate White
260 ## - PUBLICATION, DISTRIBUTION, ETC.
Place of publication, distribution, etc. New York
Name of publisher, distributor, etc. Palgrave Macmillan
Date of publication, distribution, etc. 2011
300 ## - PHYSICAL DESCRIPTION
Extent xii, 215 pages
500 ## - GENERAL NOTE
General note Includes index.
650 #0 - SUBJECT ADDED ENTRY--TOPICAL TERM
Topical term or geographic name entry element BUSINESS
650 ## - SUBJECT ADDED ENTRY--TOPICAL TERM
Topical term or geographic name entry element SEX DISCRIMINATION IN EDUCATION
650 ## - SUBJECT ADDED ENTRY--TOPICAL TERM
Topical term or geographic name entry element WOMEN COLLEGE ADMINISTRATORS
650 ## - SUBJECT ADDED ENTRY--TOPICAL TERM
Topical term or geographic name entry element EDUCATION, HIGHER
650 ## - SUBJECT ADDED ENTRY--TOPICAL TERM
Topical term or geographic name entry element EDUCATION
650 ## - SUBJECT ADDED ENTRY--TOPICAL TERM
Topical term or geographic name entry element WOMEN EXECUTIVES
700 ## - ADDED ENTRY--PERSONAL NAME
Personal name Bagilhole, Barbara
995 ## - RECOMMENDATION 995 [LOCAL, UNIMARC FRANCE]
-- CBU-MAIN LIBRARY (Kitwe)
-- 123.49
-- 1
-- AVAILABLE
-- Dec 3, 2021
-- Main Library Open Access Collection
Holdings
Withdrawn status Lost status Source of classification or shelving scheme Damaged status Not for loan Home library Current library Shelving location Date acquired Total Checkouts Full call number Barcode Date last seen Price effective from Koha item type
          CBU-MAIN LIBRARY, KITWE. CBU-MAIN LIBRARY, KITWE.   11/30/2022   HD 6054.3 Gen 751555 11/30/2022 11/30/2022 MONOGRAPH